Mestarien liigan voittajaseurat - Äkkikuolema - Statistics

Yleistilastot
  • Tätä visaa on pelattu 64 kertaa
  • Keskiarvotulos 12 / 24
Answers on the Grid
Answers color-coded by a green-red scale on the quiz's grid according to % correct below.
Real Madrid
AC Mailand
Bayern München
Liverpool FC
FC Barcelona
Ajax Amsterdam
Inter Mailand
Manchester United
Juventus Turin
Benfica Lissabon
FC Chelsea
Nottingham Forest
FC Porto
Borussia Dortmund
Steaua Bukarest
Celtic Glasgow
Hamburger SV
Manchester City
Olympique Marseille
Paris Saint-Germain
Feyenoord Rotterdam
Aston Villa
PSV Eindhoven
Belgradin Punainen tähti
Glasgow Rangers
FC Schalke 04
SSC Napoli
AEK Ateena
FC Arsenal
Tottenham Hotspurs
FC Sevilla
Atlético Madrid
Olympique Lyon
Udinese Calcio
AS Roma
Eintracht Frankfurt
Bayer Leverkusen
CF Valencia
Sporting Lissabon
FK Dynamo Kiova
 
Vastaustilastot
Vastaus % Oikein
Manchester City
83%
Real Madrid
83%
FC Chelsea
80%
Liverpool FC
77%
Bayern München
74%
Manchester United
74%
FC Barcelona
71%
Paris Saint-Germain
71%
Ajax Amsterdam
66%
Belgradin Punainen tähti
57%
Nottingham Forest
54%
FC Porto
51%
Juventus Turin
49%
Benfica Lissabon
46%
Aston Villa
37%
Inter Mailand
37%
Borussia Dortmund
34%
AC Mailand
31%
Celtic Glasgow
29%
Olympique Marseille
29%
PSV Eindhoven
29%
Hamburger SV
26%
Feyenoord Rotterdam
23%
Steaua Bukarest
23%
Ehtoja vastaavia visoja ei löytynyt
Tulosjakauma
Jokaisen tuloksen saaneiden osuus
Persentiili vastausten määrän mukaan
Tuloshistoriasi
Et ole pelannut tätä visaa